00780nam a2200181 a 4500003000200000005001700002008004100019050003100060100002000091245012900111260009200240300004800332504004100380650003500421650004600456650004400502650005200546020250412110746.0970101s19uu xx 00 eng d aPGS HQ 76.27.Y6b.K49 2004 aKim, Hae Young. aThe attitudes of Southville International School and Colleges' grade 5 students towards gays and lesbians /cHae Young Kim. aLas Piñas City, Philippines : bSouthville International School and Colleges,c2004. a31 pages :bcolored illustrations ;c28 cm. aIncludes bibliographical references. aHomosexualityvPublic opinion. aChildrenvAttitudes toward homosexuality. aStudent perceptionvGays and lesbians.  aHomosexuality and childrenzPhilippine setting.